00634 2200229 4500001002100000005001700021008004100038020002200079035002400101040001200125082001400137084002000151090002000171100001700191245004800208260003300256300003500289504003100324650001600355850001200371990002100383INLIS00000000002488520170118151245.0  a978-602-401-255-7 0010-011700000000385 aYOPDYOG 223a614.4 aDEP 614.4 Irw E aDEP 614.4 Irw E aIRWAN, 1972- aEpidemiologi penyakit tidak menularc/Irwan aYogyakartabDeepublishc2016 ax, 127 hlm.b: ilus.c; 23 cm. aBibliografi : hlm. 123-126 aEpidemologi aYOPDYOG aCB-D.11/2016-804